Alle englischen Fußballmeister - Statistiken

Allgemein
  • Dieses Quiz wurde 300 mal gespielt
  • Das Durchschnittsergebnis liegt bei 14 aus 24
Antwortstatistiken
Teams Number of Titles % Korrekt
Liverpool 19
100%
Manchester City 10
100%
Manchester United 20
100%
Arsenal 13
99%
Chelsea
97%
Tottenham Hotspur
88%
Nottingham Forest
85%
Leicester City
83%
Aston Villa 7
79%
Everton 9
76%
Newcastle United 4
68%
Leeds United
57%
Wolverhampton Wanderers 3
53%
Blackburn Rovers
47%
Sunderland 6
38%
Sheffield United 1
33%
Sheffield Wednesday
32%
Burnley
28%
Ipswich Town
27%
Derby County
21%
Portsmouth
21%
Preston North End 2
19%
West Bromwich Albion
17%
Huddersfield Town
15%
Keine übereinstimmenden Quizze gefunden
Verteilung der Resultate
Anzahl Personen mit jedem Resultat
Perzentil nach korrekt beantworteten Fragen
Ihre Resultats-Entwicklung
Sie haben dieses Quiz noch nicht gespielt